01146nab a22002297a 4500999001500000003000400015005001700019008004100036040000700077100003500084245013700119260007200256300001300328500003800341505022400379505008900603650002600692650002200718650002500740773013800765942001300903 c4995d4995OSt20230725111901.0190605e xxu||||| |||| 00| 0 spa d cPJ 96169aMosquera, Gerardo Raúl13aEl monotributo como herramienta de fraude laboral :bnecesidad de una respuesta disruptiva y disuasiva /cGerardo Raúl Mosquera. aCiudad Autónoma de Buenos Aires :bThomson Reuters La Ley,c2023. ap. 52-64 aCita: TR LALEY AR/DOC/3216/2022  aSumario: I. Introducción.— II. El monotributo y sus categorías.— III. Monotributo y fraude laboral.— IV. Algunas propuestas disruptivas y disuasivas para combatir el fraude laboral.— V. Reflexiones finales.  t¿Te interesa el texto completo? Solicitalo al correo: koha@justierradelfuego.gov.ar 091316aDERECHO LABORAL 096084aMONOTRIBUTO 096170aFRAUDE LABORAL0 0271193168dCiudad Autónoma de Buenos Aires : Thomson Reuters La Ley, 1999-2002.tRevista de derecho del trabajo. Nº1 - Enero 2023 2udccANA